Handbook of free speech and free press

Saved in:
Bibliografiske detaljer
Main Authors: Barron, Jerome A (Author), Dienes, C. Thomas (Author)
Format: Bog
Sprog:engelsk
Udgivet: Boston Little, Brown 1979
Fag:
Tags: Tilføj Tag
Ingen Tags, Vær først til at tagge denne postø!

MARC

LEADER 00000nam a2200000 a 4500
001 UCV0841
003 CL-VaPUC
008 890515e19790000US |||||||||||||||||eng|d
082 0 4 |a 340.08  |b BAR  |2 21 
100 0 |a Barron, Jerome A  |e author  |9 295164 
700 0 |a Dienes, C. Thomas  |e author  |9 295165 
245 1 0 |a Handbook of free speech and free press 
300 |a 756 p 
942 |c BK 
945 |d 19890515 00:00:00 
260 |a Boston  |b Little, Brown  |c 1979 
650 0 |a Libertad de prensa  |9 255610 
650 0 |a Jurisprudencia civil  |9 255095 
650 7 |a PORNOGRAFIA  |2 CL-VaPUC  |9 255611 
650 0 |a Derecho y legislación   |9 255077 
651 0 |a Estados Unidos  |9 255178 
583 |a last modification  |c 19890515 00:00:00  |k Rodrigo Vera 
999 |c 209035  |d 209033 
952 |0 0  |1 0  |4 0  |6 340_080000000000000_BAR_1979  |7 0  |8 A  |9 184138  |a BIBDER  |b BIBDER  |d 2019-11-14  |i 2512971  |o 340.08 BAR 1979  |p 2512971  |r 2023-01-25  |w 2019-11-14  |y BK  |k DER